000 00662nam a22002177a 4500
003 UA-OsUOA
001 117766
007 ta
008 20160615b un ||||| |||| 00| 0 ukr d
100 _aКоць Т.
090 _a81
_bК75
942 _cSA
040 _aUA-OsUOA
_bukr
_cUA-OsUOA
_dUA-OsUOA
245 _aЯвище варіантності в історії літературної мови
300 _aС.82-92
955 _a0
041 _aukr
080 _a81
773 0 _w117764
_tУкраїнська мова
_dК.
_d2016
_g2
650 7 _a8 Мовознавство. Художня література. Літературознавство
_2UDC
999 _c403804
_d403804